MDQL
is popping MORE tags! Check the
thread
!
Quizzes
Events
Quiz Creation
Community
Videos
Private Events
Remove Ads
Sign In
Join for FREE
Feedback
Dark Mode
Quiz Categories
Sports
Geography
Music
Movies
Television
Just For Fun
Miscellaneous
History
Literature
Language
Science
Gaming
Entertainment
Religion
Holiday
For Kids
Quiz Lab
Recent
Popular Today
Quiz Kudos Today
Editor Picks
Curator Picks
Quizzes by...
Day
Popularity
Type
Ratings
Length
Year
Community
Subscriptions
Recent Discussions
Orange Saloon
Badges
Playlists
Quests
Create
Leaderboards
Showdown
Live 5
Trivia Bingo
Activity
Puzzle Library
Sporcle Events
Private Events
Virtual Trivia
Globe League
Become a Host
Pub Owners
SporcleCon
Opinionation
Our Games
Videos
Blog
Mobile Apps
Partnerships
Remove Ads and Go Orange
Feedback
Gaming
Video Games
Board Games
Card Games
Pokémon
Mario
Nintendo
Minecraft
Console
Toys
Legend of Zelda
Gaming
Video Games
Board Games
Card Games
Pokémon
Mario
Nintendo
Minecraft
Console
Toys
Legend of Zelda
Random Quiz
Search Sporcle
×
Quiz Lab
Quiz Lab
Gaming
Dark Souls
Type in answers that appear in a list
Type in answers that appear in a list
Classic
Best Score? Go Orange.
Dark Souls 2 Bosses Stats
Can you name the Dark Souls 2 Bosses
By
moscowbear
7m
32 Questions
7,537 Plays
7,537 Plays
7,537 Plays
Comments
Comments
Give Quiz Kudos
Give Quiz Kudos
-
- Ratings
hide this ad
Replay
Link that replays current quiz
Next Quiz
Link to next quiz in quiz playlist
You Got
0%
They Got
Avg Score
72%
Avg Friend Score
Upgrade to see
Score Distribution
Jump to the score distribution portion of the page
Score
0/32
Timer
07:00
0
Plays Today
Hint
Answer
% Correct
First boss in The Forest of Fallen Giants
The Last Giant
97.4%
First boss in Heide's Tower of Flame
The Dragonrider
91.7%
Second boss in The Forest of Fallen GIants
The Pursuer
91.5%
Final boss of The Sinner's Rise
The Lost Sinner
87.2%
Optional boss in The Cathedral of Blue
Old Dragonslayer
87.2%
Optional boss in Belfry Luna
Belfry Gargoyles
84.5%
Final boss of The Iron Keep
The Old Iron King
80.7%
Final boss of The Black Gulch
The Rotten
79.6%
Boss of No Mans Wharf
Flexile Sentry
78.9%
Optional boss of The Iron Keep
The Smelter Demon
78.3%
Boss of Huntsman's Copse
The Skeleton Lords
73.3%
Final boss of The Throne of Want
Nashandra
73%
Optional boss of The Dragon Shrine
Ancient Dragon
72.2%
Boss of The Throne of Want
Throne Watcher
71.8%
Optional boss in The Grave of Saints
The Royal Rat Vanguard
71.3%
First boss in The Lost Bastille
Ruin Sentinels
71%
Hint
Answer
% Correct
Optional boss of The Undead Crypt
King Vendrick
70.8%
Boss of The Throne of Want
Throne Defender
70.6%
Optional boss of The Doors of Pharros
Royal Rat Authority
69.7%
Boss of The Shrine of Amana
Demon of Song
69.3%
Boss of The Memory of Jeigh
Giant Lord
68.2%
Final boss of Brightstone Cove Tseldora
Duke's Dear Freja
66.1%
First boss of The Earthen Peak
The Covetous Demon
66%
Boss of The King's Passage
The Looking Glass Knight
65.2%
Optional boss in The Undead Purgatory
The Executioner's Chariot
64.8%
Boss of The Undead Crypt
Velstadt The Royal Aegis
62.5%
Second boss of The Earthen Peak
Mytha The Baneful Queen
61.4%
Optional boss of The Dark Chasm of Old
The Darklurker
61.3%
Boss of The Shaded Woods
Scorpioness Najka
61.3%
First boss of Brightstone Cove Tseldora
Prowling Magus and the Congregation
57.9%
Boss of Aldia's Keep
Guardian Dragon
56.7%
Boss of The King's Gate
Twin Dragonrider
49.1%
Quiz Playlist
Details
Report
Send in Message
Add To Playlist
Classic:
Type in answers that appear in a list
Last Updated: Apr 14, 2017
Quiz Scoreboard
CHALLENGE
Sign Up to Join the Scoreboard
Show All
Scores
Hide
Comments
May contain spoilers
Recently Published
Image Sorting: Flags VI
by Barbecue
Geography
2m
Find the 'City' Movie
by crazypaving
Movies
60s
Colored Red Africa Blitz
by spor1
Geography
45s
More to Explore
Quiz From the Vault
Featured Blog Post
14 Easter Pick-up Lines to Find Eggs With
hide this ad
You Might Also Like...
Tags
Dark Souls
Today's Top Quizzes in Gaming
Browse Gaming
hide this ad
Top Contributed Quizzes in Gaming
1
League of Legends Pro Players by Career/Team History
2
Destiny 2 exotic weapons by perk icons
3
Genshin Impact Logic Puzzle
4
Genshin murder mystery
5
Dead By Daylight Logic Puzzle
6
4x4 Decades: Video Games
7
Ultimate Genshin Impact Logic Puzzle (up to 4.3)
8
Overwatch Logic Puzzle
9
Who's on the WWE 2K24 Cover?
10
Overwatch 2: Ultimate Ability Icons
Explore More
Trending Topics
Disney
Crossword
Anime
Kpop
NBA
Harry Potter
Marvel
WWE
Country
Puzzle
Soccer
NFL
The Office
Song
Pokémon
hide this ad
More By:
moscowbear
Quiz
Plays
Rating
Category
Featured
Created
Dark Souls 2 Bosses
7,537
4.59
Gaming
Mar 24, 2014
Sporcle 10 Most Common
302
2.00
Just For Fun
May 10, 2010
2010 NFL Rushing Leaders For Each Team
279
4.25
Sports
Jan 19, 2011
Nazi Zombies Weapons
273
1.00
Gaming
May 8, 2010
NFL Leading Receivers For Each Team
264
4.00
Sports
Jan 19, 2011
Go to Creator's Profile
Score Distribution
Quiz Creator Spotlight
moscowbear
Follow
Send a Message
Quizzes Created
-
Created Quiz Play Count
-
More By This Creator
Popular Quizzes Today
1
Colored Red Africa Blitz
2
Find the US States - No Outlines Minefield
3
Find the 'City' Movie
4
5x2 Blitz: Bands
5
The Countries of the World
6
Find the US States
7
Find the Countries of Europe - No Outlines Minefield
8
US States
More Gaming Quizzes
Teamfight Tactics Set 4 Champions
Quiz Lab
Trending Quizzes
Colored Red Europe Blitz I
Colored Red Africa Blitz II
Colored Red Europe Blitz II
Colored Red Africa Blitz III
Colored Red Europe Blitz III
Recently Updated
How Do You Spell That?
pecheneg
Godzilla Movies
pecheneg
Grab Bag: 4-10 Letters
pecheneg
2024 March Madness Bracket
pecheneg
Famous TV Couples
Peacemaker
Champions League XIs: Real Madrid
pecheneg
Largest US Cities 1790-2010
pecheneg
Rides in Walt Disney World
pecheneg
Most Oscar Losses (Acting)
pecheneg
Beyoncé Albums
pecheneg
Trending Topics
Kpop
NBA
Harry Potter
Anime
Disney
Marvel
Crossword
WWE
Country
Puzzle
NFL
Song
Pokémon
Soccer
The Office
Your Account Isn't Verified!
In order to create a playlist on Sporcle, you need to verify the email address you used during registration. Go to your
Sporcle Settings
to finish the process.
Report this User
Report this user for behavior that violates our
Community Guidelines
.
Details:
Send Report
Go to the Sporcle.com Mobile Site →
Comments